سر المعبد : (Record no. 17232)
[ view plain ]
| 000 -الفاتح | |
|---|---|
| حقل البيانات ثابتة الطول | 01033 am a22001934a 4500 |
| 008 - عناصر البيانات ثابتة الطول - معلومات عامة | |
| حقل البيانات ثابتة الطول | 130130s2013 ua g 000 0 ara d |
| 020 ## - الرقم الدولى المعيارى للكتب | |
| الرقم الدولى المعيارى للكتاب | 9771445594 |
| 082 04 - رقم تصنيف ديوى العشرى | |
| رقم التصنيف | 217.6 |
| رقم الطبعة | 21 |
| رقم المادة | خ ر ب |
| 100 1# - المدخل الرئيسى - إسم شخصى | |
| الإسم الشخصى | الخرباوي، ثروت. |
| 9 (RLIN) | 32408 |
| 245 1# - بيان العنوان | |
| العنوان | سر المعبد : |
| بقية العنوان | الأسرار الخفية لجماعة الأخوان المسلمين / |
| بيان المسئوليه,etc | ثروت الخرباوي. |
| 250 ## - بيان الطبعة | |
| بيان الطبعة | ط. 12. |
| 260 ## - PUBLICATION, DISTRIBUTION, ETC. (IMPRINT) | |
| مكان الناشر او الموزع | القاهرة : |
| اسم الناشر او الموزع | دار نهضة مصر، |
| تاريخ النشر أو التوزيع | 2013. |
| 300 ## - الوصف المادى | |
| التعداد | 359ص. ؛ |
| أبعاد الوعاء | 24سم. |
| 505 ## - تبصرة محتويات-الفهرس | |
| تبصرة المحتويات المصاغة | المحتويات: يقدم الكتاب الاسرار الخفية لجماعة الاخوان المسلمين اسرار لم تكشف قبل من خلال خبير بها درسها وعايشها لسنوات . |
| 520 ## - التبصرة الخاصة بالتعليق أو التلخيص | |
| ملخص,الخ | قادة الجماعة عندما يجدون انفسهم امام انسان يفكر وانسان لايفكر فان الاختيار يكون من نصيب الثانى . |
| 650 17 - المدخل الاضافى بالموضوع-مصطلح موضوعى | |
| مصطلح موضوعي أو اسم جغرافي كعنصر مدخل | الأخوان المسلمين |
| 9 (RLIN) | 32409 |
| 653 ## - مصطلح تكشيفى غير مقيد | |
| Resource For college | |
| Arrived date list | February2013 |
| 942 ## - عناصر المدخل الإضافي( كوها) | |
| مصدر التصنيف او مخطط الترفيف | Dewey Decimal Classification |
| Koha [default] item type | Book - Borrowing |
| حالة التراجع | حالة الفقد | مصدر التصنيف او خطة الترفيف | حالة تلف | ليس للاعارة | مجموعات كوها | المكان الدائم | المكان الحالي | موقع الترفيف | تاريخ الاكتساب | Source of acquisition | سعر الشراء الطبيعي | تعداد مسلسل / التسلسل الزمني | رقم الاستدعاء | الباركود | Date last seen | مُعار | نوع الوعاء | التكلفة |
|---|---|---|---|---|---|---|---|---|---|---|---|---|---|---|---|---|---|---|
| Dewey Decimal Classification | كتابي | Central Library | Central Library | Lower Floor | 05/02/2013 | 40.00 | 26269 | 217.6 خ ر ب | 000028010 | 15/07/2025 | 02/06/2013 | Book - Borrowing | ||||||
| Dewey Decimal Classification | كتابي | Central Library | Central Library | Lower Floor | 03/03/2013 | Purchase | 40.00 | 26269 | 217.6 خ ر ب | 000028433 | 15/07/2025 | 25/03/2013 | Book - Borrowing | |||||
| Dewey Decimal Classification | سور الازبكية | Central Library | Central Library | Lower Floor | 07/04/2013 | 20.00 | 217.6 خ ر ب | 000028663 | 15/07/2025 | Book - Borrowing | 25.00 | |||||||
| Dewey Decimal Classification | سور الازبكية | Central Library | Central Library | Lower Floor | 30/04/2013 | 217.6 خ ر ب | 000028701 | 15/07/2025 | 09/06/2013 | Book - Borrowing |